[Event "Venice Autumn op-B 10th"]
[Site "Venice"]
[Date "2004.11.01"]
[Round "4"]
[White "Redo, Giorgio"]
[Black "Rossi, Damiano"]
[Result "0-1"]
[WhiteElo "2045"]
[BlackElo "1996"]
[PlyCount "72"]
[EventDate "2004.10.30"]
[EventType "swiss"]
[EventRounds "5"]
[EventCountry "ITA"]
[SourceTitle "EXT 2009"]
[Source "ChessBase"]
[SourceDate "2008.11.26"]
[SourceVersion "1"]
[SourceVersionDate "2008.11.26"]
[SourceQuality "1"]

1. f4 d5 2. Nf3 Nf6 3. e3 Bf5 4. b3 Nbd7 5. Bb2 c6 6. Be2 Qc7 7. 0-0 e6 8. Nd4 h5 9. d3 Bg6 10. Nd2 Bc5 11. N2f3 e5 12. fxe5 Nxe5 13. Qe1 0-0-0 14. Qg3 Nxf3+ 15. Qxf3 Ng4 16. Qf4 Bd6 17. Bxg4+ Kb8 18. Qf3 hxg4 19. Qxg4 Qe7 20. h3 Qxe3+ 21. Kh1 Bh5 22. Nf5 Qd2 23. Qxg7 Rhg8 24. Nxd6 Rxg7 25. Bxg7 Rg8 26. Nf5 Qxc2 27. d4 a6 28. Rae1 Ka8 29. Re7 Bg6 30. Ne3 Qxa2 31. Bf6 Be4 32. Rg1 Qd2 33. Nc4 Bxg2+ 34. Kh2 Bf1+ 35. Kh1 Rxg1+ 36. Kxg1 Qg2# 0-1

[Event "Venice Autumn op-B 10th"]
[Site "Venice"]
[Date "2004.11.01"]
[Round "5"]
[White "Rossi, Damiano"]
[Black "Xia, Jie"]
[Result "1/2-1/2"]
[WhiteElo "1996"]
[BlackElo "2097"]
[PlyCount "122"]
[EventDate "2004.10.30"]
[EventType "swiss"]
[EventRounds "5"]
[EventCountry "ITA"]
[SourceTitle "EXT 2009"]
[Source "ChessBase"]
[SourceDate "2008.11.26"]
[SourceVersion "1"]
[SourceVersionDate "2008.11.26"]
[SourceQuality "1"]

1. d4 Nf6 2. c4 g6 3. Nc3 Bg7 4. e4 d6 5. Be2 0-0 6. Be3 Nbd7 7. Nf3 e5 8. dxe5 dxe5 9. 0-0 c6 10. h3 Qc7 11. Qd2 Re8 12. Rad1 Nh5 13. Ng5 Nf4 14. Bg4 Nf6 15. Bxc8 Rexc8 16. Qd6 h6 17. Nf3 Ne8 18. Qd7 Ne6 19. Qxc7 N8xc7 20. Rd7 b6 21. Rfd1 Rd8 22. Rxd8+ Rxd8 23. Rxd8+ Nxd8 24. Kf1 Kf8 25. Ke2 Ke7 26. Kd3 Kd6 27. b4 Nde6 28. g3 Ne8 29. a3 Nf6 30. Nxe5 Kxe5 31. f4+ Nxf4+ 32. gxf4+ Ke6 33. Ne2 Nd7 34. Nd4+ Bxd4 35. Kxd4 f5 36. e5 g5 37. fxg5 hxg5 38. Bxg5 c5+ 39. Kc3 Kxe5 40. Kb3 f4 41. bxc5 Nxc5+ 42. Kb4 f3 43. Be3 a6 44. Bg1 f2 45. Bxf2 Nd3+ 46. Kc3 Nxf2 47. h4 Ng4 48. Kb4 Kd4 49. h5 Ke5 50. c5 Kd5 51. cxb6 Kc6 52. b7 Kxb7 53. Ka5 Nh6 54. Kb4 Kb6 55. Kc4 Nf7 56. Kd5 Ka5 57. Kc5 Nh6 58. Kc6 Ka4 59. Kb6 a5 60. Ka6 Nf5 61. Kb6 Nh6 1/2-1/2

[Event "Venice Autumn op-B 10th"]
[Site "Venice"]
[Date "2004.10.31"]
[Round "2"]
[White "Rossi, Damiano"]
[Black "Castellano, Alfonso"]
[Result "1/2-1/2"]
[WhiteElo "1996"]
[BlackElo "1881"]
[PlyCount "59"]
[EventDate "2004.10.30"]
[EventType "swiss"]
[EventRounds "5"]
[EventCountry "ITA"]
[SourceTitle "EXT 2009"]
[Source "ChessBase"]
[SourceDate "2008.11.26"]
[SourceVersion "1"]
[SourceVersionDate "2008.11.26"]
[SourceQuality "1"]

1. e4 c5 2. Nf3 d6 3. d4 cxd4 4. Nxd4 Nf6 5. f3 a6 6. c4 e6 7. Qb3 Nc6 8. Be3 Qc7 9. Nxc6 bxc6 10. Qb6 Qxb6 11. Bxb6 e5 12. b3 d5 13. Bc7 Bb4+ 14. Nd2 dxe4 15. a3 Bc3 16. Rc1 Bb2 17. Rc2 Bxa3 18. Bxe5 e3 19. Nb1 Bb4+ 20. Nc3 Bf5 21. Rc1 Rd8 22. g4 Bg6 23. Be2 0-0 24. Kf1 Rfe8 25. Bf4 Bd3 26. Rg1 Bxc3 27. Rxc3 Bxe2+ 28. Kxe2 Rd2+ 29. Ke1 Rb2 30. Bxe3 1/2-1/2

[Event "Veneto-ch Quarti di Finale 64th"]
[Site "Arqua Petrarca"]
[Date "2004.05.09"]
[Round "3.8"]
[White "Rossi, Damiano"]
[Black "Mileto, Gabriele"]
[Result "0-1"]
[WhiteElo "2002"]
[BlackElo "2206"]
[PlyCount "64"]
[EventDate "2004.05.08"]
[EventType "swiss"]
[EventRounds "6"]
[EventCountry "ITA"]
[SourceTitle "EXT 2023"]
[Source "ChessBase"]
[SourceDate "2022.10.05"]
[SourceVersion "1"]
[SourceVersionDate "2022.10.05"]
[SourceQuality "1"]

1. d4 g6 2. c4 Bg7 3. Nc3 d6 4. e4 Nf6 5. Nf3 0-0 6. Be2 e5 7. 0-0 Nc6 8. d5 Ne7 9. a3 Nh5 10. Ne1 Nf4 11. f3 f5 12. Be3 Nxe2+ 13. Qxe2 f4 14. Bf2 b6 15. b4 g5 16. c5 Bd7 17. cxd6 cxd6 18. Nb5 Rf6 19. g4 fxg3 20. hxg3 a6 21. Nc3 Bh3 22. Ng2 Ng6 23. Be3 Nf4 24. Nxf4 gxf4 25. gxf4 exf4 26. Bd2 Bg2 27. Kxg2 Rg6+ 28. Kh1 Rh6+ 29. Kg1 Qh4 30. Qg2 Rg6 31. Rf2 Kf7 32. Kf1 Rxg2 0-1

[Event "Veneto-ch Quarti di Finale 64th"]
[Site "Arqua Petrarca"]
[Date "2004.05.09"]
[Round "2.13"]
[White "Velluti, Alberto"]
[Black "Rossi, Damiano"]
[Result "1/2-1/2"]
[WhiteElo "1802"]
[BlackElo "2002"]
[PlyCount "45"]
[EventDate "2004.05.08"]
[EventType "swiss"]
[EventRounds "6"]
[EventCountry "ITA"]
[SourceTitle "EXT 2023"]
[Source "ChessBase"]
[SourceDate "2022.10.05"]
[SourceVersion "1"]
[SourceVersionDate "2022.10.05"]
[SourceQuality "1"]

1. e4 c5 2. Nf3 Nc6 3. d4 cxd4 4. Nxd4 g6 5. Nxc6 bxc6 6. Bc4 Bg7 7. 0-0 Qc7 8. Qf3 Nf6 9. Bf4 d6 10. e5 dxe5 11. Bxe5 Qxe5 12. Qxc6+ Nd7 13. Qxa8 0-0 14. Qxa7 Qxb2 15. Na3 Bd4 16. Qa5 Ne5 17. Rab1 Nxc4 18. Nxc4 Qxc2 19. Ne3 Qc6 20. Qd5 Qf6 21. Qe4 e5 22. Rfd1 Bd7 23. Rdc1 1/2-1/2

[Event "Padova op-A 6th"]
[Site "Padova"]
[Date "2003.12.19"]
[Round "7.11"]
[White "Belloni, Umberto"]
[Black "Rossi, Damiano"]
[Result "1-0"]
[WhiteElo "1623"]
[BlackElo "2027"]
[PlyCount "97"]
[EventDate "2003.12.13"]
[EventType "swiss"]
[EventRounds "9"]
[EventCountry "ITA"]
[SourceTitle "EXT 2024"]
[Source "ChessBase"]
[SourceDate "2023.10.10"]
[SourceVersion "1"]
[SourceVersionDate "2023.10.10"]
[SourceQuality "1"]

1. e4 e6 2. d4 d5 3. exd5 exd5 4. Bd3 Bd6 5. h3 Ne7 6. Nf3 0-0 7. 0-0 Bf5 8. Bxf5 Nxf5 9. Qd3 Qc8 10. Re1 Ne7 11. Bg5 Ng6 12. Nc3 c6 13. Re2 Na6 14. Rae1 Nc7 15. Nh4 Nxh4 16. Bxh4 Ne6 17. Bg3 Bxg3 18. fxg3 Qc7 19. Nd1 b5 20. Nf2 Rab8 21. Ng4 Qa5 22. a3 Qb6 23. c3 Ng5 24. Nf2 h6 25. h4 Ne6 26. b4 a5 27. Ng4 axb4 28. axb4 Qc7 29. Ne5 Rfe8 30. Qf3 Rb7 31. g4 Nf8 32. g5 hxg5 33. hxg5 g6 34. Qh3 Ne6 35. Nxg6 fxg6 36. Rxe6 Rxe6 37. Rxe6 Qf7 38. Rf6 Qe8 39. Qe6+ Qxe6 40. Rxe6 Kg7 41. Rxc6 Ra7 42. Rc5 Ra3 43. Rxb5 Rxc3 44. Rxd5 Rc4 45. b5 Rb4 46. Kf2 Kf7 47. Ke3 Rb2 48. g4 Ke6 49. Rc5 1-0

[Event "Padova op-A 6th"]
[Site "Padova"]
[Date "2003.12.17"]
[Round "5.7"]
[White "Navarro, Stefano"]
[Black "Rossi, Damiano"]
[Result "1/2-1/2"]
[WhiteElo "2128"]
[BlackElo "2027"]
[PlyCount "46"]
[EventDate "2003.12.13"]
[EventType "swiss"]
[EventRounds "9"]
[EventCountry "ITA"]
[SourceTitle "EXT 2024"]
[Source "ChessBase"]
[SourceDate "2023.10.10"]
[SourceVersion "1"]
[SourceVersionDate "2023.10.10"]
[SourceQuality "1"]

1. e4 e6 2. d3 d5 3. Nd2 c5 4. Ngf3 Nc6 5. g3 Bd6 6. Bg2 Nge7 7. 0-0 0-0 8. Re1 Ng6 9. h4 Rb8 10. Nf1 b5 11. N1h2 Bb7 12. Ng5 h6 13. Ngf3 dxe4 14. dxe4 Nge5 15. Qe2 Qb6 16. c3 b4 17. Rd1 Ba6 18. Qc2 Rfd8 19. Nxe5 Nxe5 20. Nf3 Ng4 21. Bh3 Ne5 22. Bg2 Ng4 23. Bh3 Ne5 1/2-1/2

[Event "Padova op-A 6th"]
[Site "Padova"]
[Date "2003.12.13"]
[Round "1.14"]
[White "Fragni, Enrico"]
[Black "Rossi, Damiano"]
[Result "0-1"]
[WhiteElo "1447"]
[BlackElo "2027"]
[PlyCount "110"]
[EventDate "2003.12.13"]
[EventType "swiss"]
[EventRounds "9"]
[EventCountry "ITA"]
[SourceTitle "EXT 2024"]
[Source "ChessBase"]
[SourceDate "2023.10.10"]
[SourceVersion "1"]
[SourceVersionDate "2023.10.10"]
[SourceQuality "1"]

1. c4 e6 2. Nc3 d5 3. e3 Nf6 4. Nf3 c6 5. Be2 Nbd7 6. d4 dxc4 7. Bxc4 b5 8. Bd3 Bb7 9. 0-0 a6 10. Bd2 c5 11. b3 Be7 12. Rc1 cxd4 13. exd4 0-0 14. Re1 Nb6 15. Be3 Nbd5 16. Ne4 Nxe3 17. Nxf6+ Bxf6 18. fxe3 Re8 19. Rc5 h6 20. Be2 Qb6 21. Ne5 Rad8 22. Qa1 Bd5 23. Rec1 Bxe5 24. dxe5 Be4 25. Qc3 Rd7 26. Rc8 Rxc8 27. Qxc8+ Kh7 28. Kf2 Rd2 29. Qc3 Rxa2 30. b4 Qd8 31. Re1 Rc2 32. Qd4 Qxd4 33. exd4 Rb2 34. g3 Rxb4 35. Bxb5 Rxb5 36. Rxe4 Rb2+ 37. Kg1 a5 38. Re3 a4 39. Ra3 Rb4 40. Kf2 Rxd4 41. Ke3 Rb4 42. Kd2 Kg6 43. Kc2 Re4 44. Kd3 Kf5 45. Ra1 Kxe5 46. Rb1 Rd4+ 47. Ke3 a3 48. Rb5+ Rd5 49. Rb1 a2 50. Ra1 Ra5 51. Kd3 Kf5 52. h3 Ra3+ 53. Ke2 Rxg3 54. Kf2 Rxh3 55. Kg2 Ra3 0-1

[Event "ITA-ch sf"]
[Site "San Martino di Castrozza"]
[Date "2003.06.24"]
[Round "4"]
[White "Rossi, Damiano"]
[Black "Rossi, Giampiero"]
[Result "0-1"]
[WhiteElo "1840"]
[BlackElo "2052"]
[PlyCount "114"]
[EventDate "2003.06.21"]
[EventType "swiss"]
[EventRounds "9"]
[EventCountry "ITA"]
[SourceTitle "EXT 2005"]
[Source "ChessBase"]
[SourceDate "2004.11.15"]
[SourceVersion "1"]
[SourceVersionDate "2004.11.15"]
[SourceQuality "1"]

1. d4 d5 2. Nf3 c6 3. c4 e6 4. Nc3 Nf6 5. e3 Nbd7 6. Qc2 Be7 7. b3 0-0 8. Bd3 b6 9. Bb2 Bb7 10. 0-0 Rc8 11. Rac1 Qc7 12. Rfd1 Rfd8 13. Qe2 Qb8 14. e4 dxe4 15. Nxe4 c5 16. Ned2 cxd4 17. Bxd4 Nc5 18. Bb1 Qa8 19. Bb2 Nce4 20. Nxe4 Bxe4 21. Bxe4 Qxe4 22. Qxe4 Nxe4 23. Ne1 Bc5 24. Nd3 Rxd3 25. Rxd3 Nxf2 26. Rd7 Nd3+ 27. Kf1 Nxc1 28. Bxc1 a5 29. Ke2 f6 30. Be3 Bxe3 31. Kxe3 Rc6 32. Kd4 h5 33. a3 Kh7 34. b4 axb4 35. axb4 Kg6 36. b5 e5+ 37. Kd3 Rc8 38. Rb7 Rd8+ 39. Ke3 Rd6 40. Rc7 Re6 41. Kd3 f5 42. Ke3 Kf6 43. Rc8 g6 44. Rc7 e4 45. g3 g5 46. Rh7 Kg6 47. Rc7 h4 48. Rc6 Kf6 49. c5 bxc5 50. Rxc5 Rd6 51. gxh4 Rd3+ 52. Ke2 gxh4 53. Rc6+ Kg5 54. Rb6 Kf4 55. Rh6 Rh3 56. b6 Rxh2+ 57. Kf1 Kf3 0-1

[Event "ITA-ch sf"]
[Site "San Martino di Castrozza"]
[Date "2003.06.23"]
[Round "3"]
[White "Scalcione, Michelangelo"]
[Black "Rossi, Damiano"]
[Result "1-0"]
[WhiteElo "2366"]
[BlackElo "1840"]
[PlyCount "81"]
[EventDate "2003.06.21"]
[EventType "swiss"]
[EventRounds "9"]
[EventCountry "ITA"]
[SourceTitle "EXT 2005"]
[Source "ChessBase"]
[SourceDate "2004.11.15"]
[SourceVersion "1"]
[SourceVersionDate "2004.11.15"]
[SourceQuality "1"]

1. Nf3 d5 2. d4 c6 3. c4 e6 4. Qc2 Nf6 5. Bg5 Nbd7 6. cxd5 exd5 7. Nc3 Qa5 8. Nd2 Be7 9. e3 0-0 10. Bd3 h6 11. Bh4 c5 12. 0-0 c4 13. Be2 b5 14. Bf3 Bb7 15. a3 Rfe8 16. Bg3 Qb6 17. a4 b4 18. a5 Qa6 19. Ne2 b3 20. Qc1 Bc6 21. Nc3 Bb4 22. Be2 Bxc3 23. Qxc3 Qb7 24. Bf3 Nf8 25. Rfe1 Ng6 26. h4 a6 27. h5 Nf8 28. Bf4 N8h7 29. Nf1 Rac8 30. Ng3 Bd7 31. Be5 Bg4 32. Bxg4 Nxg4 33. Nf5 Nxe5 34. dxe5 Re6 35. Nd6 Rxd6 36. exd6 Qc6 37. Rad1 Rd8 38. Rd4 Nf6 39. f3 Rxd6 40. g4 Nd7 41. e4 1-0

[Event "Veneto-ch qf 63rd"]
[Site "Arqua Petrarca"]
[Date "2003.05.11"]
[Round "5.3"]
[White "Rossato, Armando"]
[Black "Rossi, Damiano"]
[Result "1/2-1/2"]
[WhiteElo "2192"]
[BlackElo "1849"]
[PlyCount "75"]
[EventDate "2003.05.03"]
[EventType "swiss"]
[EventRounds "6"]
[EventCountry "ITA"]
[SourceTitle "EXT 2024"]
[Source "ChessBase"]
[SourceDate "2023.10.10"]
[SourceVersion "1"]
[SourceVersionDate "2023.10.10"]
[SourceQuality "1"]

1. e4 e6 2. d4 d5 3. Nc3 Bb4 4. Nge2 dxe4 5. a3 Bxc3+ 6. Nxc3 f5 7. Bf4 c6 8. Qh5+ g6 9. Qh3 Nf6 10. 0-0-0 Nbd7 11. f3 Nd5 12. Nxd5 exd5 13. fxe4 fxe4 14. Qh6 Nf6 15. Be2 Ng4 16. Bxg4 Bxg4 17. Rdf1 Qd7 18. h3 Be6 19. Bg5 Rg8 20. Bf6 Qf7 21. Qg5 Kd7 22. g4 Qf8 23. Rh2 h6 24. Qe3 g5 25. Rhf2 Qd6 26. Be5 Qe7 27. Qb3 b6 28. Bh2 Raf8 29. Qg3 Rf4 30. Rxf4 gxf4 31. Qxf4 Qg5 32. Qxg5 hxg5 33. Be5 c5 34. Kd2 Ke7 35. Ke3 Rg6 36. Kf2 Bd7 37. Kg3 Bb5 38. Re1 1/2-1/2

[Event "Veneto-ch qf 63rd"]
[Site "Arqua Petrarca"]
[Date "2003.05.10"]
[Round "4.5"]
[White "Rossi, Damiano"]
[Black "Danieli, Enrico"]
[Result "1-0"]
[WhiteElo "1849"]
[BlackElo "2120"]
[PlyCount "101"]
[EventDate "2003.05.03"]
[EventType "swiss"]
[EventRounds "6"]
[EventCountry "ITA"]
[SourceTitle "EXT 2024"]
[Source "ChessBase"]
[SourceDate "2023.10.10"]
[SourceVersion "1"]
[SourceVersionDate "2023.10.10"]
[SourceQuality "1"]

1. d4 Nf6 2. Nf3 e6 3. c4 d5 4. Nc3 Be7 5. b3 0-0 6. e3 b6 7. Bd3 Bb7 8. cxd5 exd5 9. 0-0 c5 10. Bb2 Nc6 11. dxc5 bxc5 12. Rc1 Rc8 13. Bf5 Rb8 14. Na4 Ba6 15. Bd3 Bxd3 16. Qxd3 Nb4 17. Qe2 Nxa2 18. Rc2 Nb4 19. Bxf6 gxf6 20. Rcc1 Qc8 21. Nd4 Kh8 22. Qf3 Nd3 23. Rc3 Ne5 24. Qxd5 Qd8 25. Qxd8 Rfxd8 26. Nxc5 Rbc8 27. Ne4 Rxc3 28. Nxc3 Bc5 29. Nce2 h6 30. Rc1 Bb6 31. g3 Kh7 32. Nc6 Rd2 33. Nxe5 fxe5 34. Nc3 Kg6 35. Ne4 Rb2 36. Rc6+ Kg7 37. Nc5 f6 38. Nd7 Rxb3 39. Nxf6 a5 40. Nd5 a4 41. Nxb6 a3 42. Rc7+ Kg6 43. Ra7 Rxb6 44. Rxa3 Kf5 45. Kg2 Rb5 46. Ra6 Kg5 47. h4+ Kh5 48. Kh3 Rb4 49. g4+ Rxg4 50. Rxh6+ Kxh6 51. Kxg4 1-0

[Event "Padova op-A 5th"]
[Site "Padova"]
[Date "2002.12.15"]
[Round "2.2"]
[White "Laketic, Gojko"]
[Black "Rossi, Damiano"]
[Result "1-0"]
[WhiteElo "2444"]
[BlackElo "1750"]
[PlyCount "57"]
[EventDate "2002.12.14"]
[EventType "swiss"]
[EventRounds "6"]
[EventCountry "ITA"]
[SourceTitle "EXT 2023"]
[Source "ChessBase"]
[SourceDate "2022.10.05"]
[SourceVersion "1"]
[SourceVersionDate "2022.10.05"]
[SourceQuality "1"]

1. d4 d5 2. c4 e6 3. Nc3 Nf6 4. Bg5 Nbd7 5. cxd5 exd5 6. e3 c6 7. Bd3 Be7 8. Qc2 0-0 9. Nge2 c5 10. 0-0 c4 11. Bf5 Nb6 12. f3 h6 13. Bxf6 Bxf6 14. Bxc8 Rxc8 15. Rad1 Re8 16. e4 Bg5 17. f4 Be7 18. e5 Na8 19. Ng3 Nc7 20. Qf5 b5 21. Qg4 b4 22. Nce2 Bf8 23. Nh5 Kh8 24. Rf3 g6 25. Nf6 Re7 26. f5 g5 27. Rh3 Ne8 28. Qxg5 Nxf6 29. exf6 1-0